| 000 | 01018nam a22003017a 4500 | ||
|---|---|---|---|
| 005 | 20110722114425.0 | ||
| 008 | 110722t xxu||||| |||| 00| 0 eng d | ||
| 010 | _aENG-103104 | ||
| 020 |
_a9780071078405 _c625.00 |
||
| 020 |
_a0071078401 _c625.00 |
||
| 035 | _aEN-86637 | ||
| 037 | _bDBAD / PUB | ||
| 040 |
_adpl _bEnglish |
||
| 082 | _a658.15 | ||
| 100 |
_aPrasanna Chandra _929868 |
||
| 245 |
_aFinancial management : _cby Prasanna Chandra _btheory and practice / |
||
| 250 | _a8th ed | ||
| 260 |
_aNew Delhi _bTata McGraw Hill _c2011 |
||
| 270 |
_a7, West Patel Nagar _bNew Delhi _e110002 |
||
| 300 |
_axxx,1062p. _c25cm (pbk) _e1CD-ROM |
||
| 490 |
_aCFM-McGraw-Hill professional series in finance _929913 |
||
| 500 | _aIncludes index | ||
| 650 | _929869 | ||
| 651 | _91549 | ||
| 700 | _929871 | ||
| 942 |
_2ddc _cEN _h658.15 _mPRA |
||
| 999 |
_c54217 _d54217 |
||